| 000 | 00446nam a2200157 i 4500 | ||
|---|---|---|---|
| 001 | 38575 | ||
| 003 | ES-MaACL | ||
| 005 | 20230906155800.0 | ||
| 007 | t| | ||
| 008 | 030226s1965 mx ||||1| spa d | ||
| 100 | 1 |
_aCamín, Alfonso. _934074 |
|
| 245 | 1 | 0 |
_aAntología asturiana _b: (poemas en castellano) / _cAlfonso Camin. |
| 260 |
_aMéxico : _b[s.n., _c1965] ( _fAzteca) |
||
| 300 |
_a780 p. ; _c20 cm. |
||
| 852 |
_aES-MaACL _jC-43577 _bR.79389 |
||
| 999 |
_c38575 _d38575 |
||